Les grandes batailles de la Première guerre Mondiale - Statistiques

Statistiques générales
  • Ce quiz a été pris 163 fois
  • Le résultat moyen est 4 sur 15
Statistiques - réponses
Hint Réponse % Correct
Célèbre pour ses taxis, sauve Paris Bataille de la Marne
95%
Symbole de l'abnégation française, massacre de 700 000 hommes tout camps confondus Bataille de Verdun
77%
Bataille où le chlore est utilisé pour la première fois Bataille d'Ypres
43%
Offensive pensée en 1915 pour bouger le front, elle est un semi-échec sanglant pour la BEF Bataille de la Somme
41%
Plan de Nivelle, échec total car artillerie trop lent et plan éventé Bataille du Chemin des Dames
41%
Idée de Churchill, elle est un désastre pour les ANZAC Bataille des Dardanelles
34%
Enorme revers de l'armée tsariste sur le front est Bataille de Tannenberg
33%
Douzième bataille et dernière bataille, elle est un désastre pour l'armée italienne Bataille de Caporetto
21%
Considérée comme inexpugnable, la ville tombe en 10 jours Bataille de Liège
17%
Il y en eut 12 au total de 1915 à 1917 Bataille de l'Isonzo
9%
Offensive de la dernière chance pour les Allemands Offensive du Printemps
7%
Fameuse pour sa crète qui se transforma en cratère Bataille de la Crète de Vimy
4%
Première bataille de l'AEF en France Bataille de Bois-Belleau
2%
Résistance héroïque des ANZAC, se solde par une défaite Bataille de Fromelles
2%
Offensive des Alliés contre les forces allemandes démotivées Offensive des Cent-Jours
2%
Aucun quiz correspondant
Distribution des résultats
% des personnes avec chaque résultat
Percentile par nombre de réponses
Votre historique - résultats
Vous n’avez pas pris ce quiz